Your pathway to qualifying in geomatics (Record no. 106592)
[ view plain ]
| 000 -LEADER | |
|---|---|
| fixed length control field | 01993cam a2200241 4500 |
| 001 - CONTROL NUMBER | |
| control field | L137014 |
| 008 - FIXED-LENGTH DATA ELEMENTS--GENERAL INFORMATION | |
| fixed length control field | 070309s2006 xxk f 000 0 eng d |
| 035 ## - SYSTEM CONTROL NUMBER | |
| System control number | (Sirsi) u137014 |
| 041 0# - LANGUAGE CODE | |
| Language code of text/sound track or separate title | eng |
| 050 04 - LIBRARY OF CONGRESS CALL NUMBER | |
| Classification number | 526.9 $2 18 |
| 110 2# - MAIN ENTRY--CORPORATE NAME | |
| Corporate name or jurisdiction name as entry element | Royal Institution of Chartered Surveyors |
| Subordinate unit | Geomatics Faculty |
| 9 (RLIN) | 4352 |
| 245 00 - TITLE STATEMENT | |
| Title | Your pathway to qualifying in geomatics |
| Medium | [electronic resource] |
| 260 ## - PUBLICATION, DISTRIBUTION, ETC. | |
| Place of publication, distribution, etc. | London |
| Name of publisher, distributor, etc. | RICS |
| Date of publication, distribution, etc. | 2006 |
| 505 2# - FORMATTED CONTENTS NOTE | |
| Formatted contents note | Pathway requirements: Geomatics APC; Geomatics ATC -- Competency guidance: access and rights over land; analysis of client requirements; cadastre and land management; construction technology and environmental services; consultancy services; development/project briefs; engineering surveying; environmental assessment; geodesy; GIS; ground engineering and subsidence; hydrographic (marine) surveying; legal/regulatory compliance; management of the natural environment and landscape apping; measurement of land and property; planning; project administration; property records/information systems; remote sensing and photogrammetry; spatial data capture and presentation (advanced mapping); surveying land and sea; use of the marine environment. |
| 520 ## - SUMMARY, ETC. | |
| Summary, etc. | Provides information geomatics surveying with a general overview of the geomatics pathways. Lists the competency requirements of the geomatics APC and ATC pathways (as set out in the APC/ATC Requirements and competencies guide July 2006). Describes the main technical competencies associated with geomatics, providing expanded sector specific guidance on each of them. |
| 590 ## - LOCAL NOTE (RLIN) | |
| Local note | KA |
| 651 #4 - SUBJECT ADDED ENTRY--GEOGRAPHIC NAME | |
| Geographic name | United Kingdom |
| Chronological subdivision | |
| 690 ## - LOCAL SUBJECT ADDED ENTRY--TOPICAL TERM (OCLC, RLIN) | |
| Topical term or geographic name as entry element | CAREERS, EDUCATION AND TRAINING-QUALIFICATION ROUTES |
| 690 ## - LOCAL SUBJECT ADDED ENTRY--TOPICAL TERM (OCLC, RLIN) | |
| Topical term or geographic name as entry element | ENVIRONMENTAL AND LAND CONSULTANCY-GEOMATICS |
| 690 ## - LOCAL SUBJECT ADDED ENTRY--TOPICAL TERM (OCLC, RLIN) | |
| Topical term or geographic name as entry element | CAREERS, EDUCATION AND TRAINING-QUALIFICATION ROUTES-ASSESSMENT OF PROFESSIONAL COMPETENCE |
| 856 48 - ELECTRONIC LOCATION AND ACCESS | |
| Uniform Resource Identifier | <a href="https://www.rics.org/site/download_feed.aspx?fileID=164&fileExtension=PDF">https://www.rics.org/site/download_feed.aspx?fileID=164&fileExtension=PDF</a> |
| Public note | View the item free of charge at www.rics.org |
| 942 ## - ADDED ENTRY ELEMENTS (KOHA) | |
| Suppress in OPAC | 0 |
| Withdrawn status | Lost status | Source of classification or shelving scheme | Damaged status | Not for loan | Home library | Current library | Shelving location | Date acquired | Total Checkouts | Full call number | Barcode | Date last seen | Copy number | Price effective from | Koha item type |
|---|---|---|---|---|---|---|---|---|---|---|---|---|---|---|---|
| Dewey Decimal Classification | Virtual | Virtual | Online | 09/03/2007 | ONLINE PUBLICATION | 137014-1001 | 06/08/2019 | 1 | 06/08/2019 | Book |